000 00556nam a22001457a 4500
999 _c60704
_d60704
005 20231010172608.0
008 231010s1985 enk||||| |||| 00| 0 slo d
041 _aslo
080 _a069 P-60
100 _a Pichlerová, Magda
_920056
245 _aAntická Gerulata :
_b výstava Slovenské národné múzeum Bratislava /
_cMagda Pichlerová.
300 _a32 p.:
_bill.;
_c21 cm.
653 _aსლოვაკეთის ეროვნული მუზეუმის გამოფენა ბრატისლავაში
942 _2udc
_cBK